000 nam a22 a 4500
999 _c117
_d117
003 AKMAL
005 20170418153714.0
008 170418s19941999my e e a001 0 may d
020 _a9836242465 (jil. 1) :
_cRM1,110.00
020 _a9836252169 (jil. 2)
020 _a9836252177 (jil. 3)
020 _a9836252185 (jil. 4)
020 _a9836252193 (jil. 5)
040 _aAKMAL
082 0 4 _a959.003 SEJ
_222
090 0 0 _a959.003
_bSEJ
245 0 0 _aEnsiklopedia sejarah dan kebudayaan Melayu
250 _aEd. ke-2
260 _aKuala Lumpur :
_bDewan Bahasa dan Pustaka,
_c1999
300 _a5 jil. :
_bil. wrn. ;
_c29cm.
500 _aMengandungi indeks
505 0 _aKandungan : Jil. 1 - A-E. - Jil. 2 - F-L. - Jil. 4 - R-Z. - Jil. 5 - Indeks
650 1 0 _aMalay language
_xEncyclopedias
_zAsia, Southeastern
_9292
650 2 0 _aMalays (Asian people)
_xEncyclopedias
_9293
650 2 0 _aEncyclopedias and dictionaries, Malay
_9198
651 0 _aMalay Archipelago
_xCivilization
_xEncyclopedias
_9294
710 2 _aDewan Bahasa dan Pustaka
_9295
942 _2ddc
_cBOOK